Hinduism : A Comprehensive Overview of the World's Oldest Religion (Record no. 23528)
[ view plain ]
| 000 -LEADER | |
|---|---|
| fixed length control field | 00462nam a22001577a 4500 |
| 020 ## - INTERNATIONAL STANDARD BOOK NUMBER | |
| ISBN | 9781941720861 |
| 082 ## - DEWEY DECIMAL CLASSIFICATION NUMBER | |
| Classification number | 294.5 |
| Author Cutter | MIS |
| 100 ## - MAIN ENTRY--AUTHOR NAME | |
| Author name | Mistry, asper |
| 245 ## - TITLE STATEMENT | |
| Title | Hinduism : A Comprehensive Overview of the World's Oldest Religion |
| 260 ## - PUBLICATION, DISTRIBUTION, ETC. (IMPRINT) | |
| Place of publication | New York, |
| Name of publisher | Laren & Keller |
| Year of publication | 2019 |
| 300 ## - PHYSICAL DESCRIPTION | |
| Number of Pages | 202p.; |
| Other physical details | 26cm |
| 520 ## - SUMMARY, ETC. | |
| Summary, etc | Hinduism; Hinduism-History; India-Religion |
| 650 ## - SUBJECT ADDED ENTRY--TOPICAL TERM | |
| Topical Term | Hinduism; Hinduism-History; India-Religion |
| 942 ## - ADDED ENTRY ELEMENTS (KOHA) | |
| Koha item type | Books |
| Home library | Current library | Shelving location | Date acquired | Source of acquisition | Full call number | Accession Number | Koha item type |
|---|---|---|---|---|---|---|---|
| Henry Martyn Institute Library | Henry Martyn Institute Library | General stacks | 05/21/2025 | Kohinoor Book Distributor | 294.5 MIS | 25986 | Books |
